000
00309nam a2200121Ia 4500
005
20260328101445.0
008
260328s9999||||xx |||||||||||||| ||und||
100
_a
Viñoli, Rafael
245
0
_a
Rafael Viñoli /
_c
Rafael Viñoli
260
_b
Princeton Architectural Press
650
_a
ARQUITECTOS
942
_c
BK
999
_c
8417
_d
8417